| 000 | 00528nam a2200205Ia 4500 | ||
|---|---|---|---|
| 003 | OSt | ||
| 005 | 20220926043131.0 | ||
| 006 | a|||||r|||| 00| 0 | ||
| 007 | ta | ||
| 008 | 220923b |||||||| |||| 00| 0 eng d | ||
| 037 | _cGeneral Book | ||
| 040 |
_aRTL _cRTL _beng |
||
| 041 |
_2eng _aeng |
||
| 082 | _aX9:89TX.73.N6, K1 | ||
| 100 |
_aPackard Vance _988297 |
||
| 245 | 0 | _aWaste makers | |
| 650 | _aQuality Control | ||
| 942 |
_hX9:89TX.73.N6, K1 _cGB _2CC |
||
| 999 |
_c671518 _d671518 |
||